Sisterhood of women / (Record no. 55432)

MARC details
000 -LEADER
fixed length control field 00803nam a22002417a 4500
005 - DATE AND TIME OF LATEST TRANSACTION
control field 20110816122752.0
008 - FIXED-LENGTH DATA ELEMENTS--GENERAL INFORMATION
fixed length control field 110816t xxu||||| |||| 00| 0 eng d
010 ## - LCCN (DPL NO)
LC control number ENG-103491
020 ## - INTERNATIONAL STANDARD BOOK NUMBER
Terms of availability 225.00
International Standard Book Number 9788188627097
035 ## - SYSTEM CONTROL NUMBER
System control number EN-87024
037 ## - SOURCE OF ACQUISITION
Source of stock number/acquisition DBAD/PUB
040 ## - CATALOGING SOURCE
Original cataloging agency DPL
Language of cataloging Eng
082 ## - DEWEY DECIMAL CLASSIFICATION NUMBER
Classification number 305.42
100 ## - MAIN ENTRY--PERSONAL NAME
9 (RLIN) 32849
Personal name Roy, Roshmi
245 ## - TITLE STATEMENT
Title Sisterhood of women /
Statement of responsibility, etc by Roshmi Roy
260 ## - PUBLICATION, DISTRIBUTION, ETC. (IMPRINT)
Place of publication, distribution, etc Kolkata
Name of publisher, distributor, etc Blue Pencil Publishing
Date of publication, distribution, etc 2009
270 ## - ADDRESS
Address B 13/4, payamanti,ECTP Phase I,
City Kolkata
Postal code 700078
300 ## - PHYSICAL DESCRIPTION
Extent iv,229p.
Dimensions 22cm(pbk)
500 ## - GENERAL NOTE
General note Includes index
700 ## - ADDED ENTRY--PERSONAL NAME
9 (RLIN) 32850
942 ## - ADDED ENTRY ELEMENTS (KOHA)
Source of classification or shelving scheme Dewey Decimal Classification
Item type English Books
Call number suffix ROY
Classification part 305.42
Holdings
Withdrawn status Lost status Source of classification or shelving scheme Damaged status Not for loan Collection code Home library Current library Date acquired Source of acquisition Cost, normal purchase price Total Checkouts Full call number Barcode Date last seen Copy number Cost, replacement price Koha item type
    Dewey Decimal Classification   Not For Loan Non-fiction D.B.Act.Division D.B.Act.Division 16/08/2011 DBAD / PUB 225.00   305.42ROY EN-87024 16/08/2011 1 225.00 English Books

© Delhi Public Library
Hit Counter
free hit counter